| 000 | 00382nam a2200157Ia 4500 | ||
|---|---|---|---|
| 003 | OSt | ||
| 005 | 20240219150407.0 | ||
| 008 | 170524s9999 xx 000 0 und d | ||
| 020 | _a978-0968250211 | ||
| 040 | _cIIMT UNIVERSITY MEERUT | ||
| 100 | _aBell DA | ||
| 245 | 0 | _aLaboratory Manual for Operational Amplifiers and Liners | |
| 260 | _bPHI | ||
| 260 | _c2005 | ||
| 942 |
_2ddc _c02 |
||
| 999 |
_c4937 _d4937 |
||